FIBA Basketball World Ranking - Men - Statistics

General Stats
  • This quiz has been taken 1,029 times
    810 since last reset
  • The average score is 14 of 20
Answer Stats
Rank Points Answer % Correct
1 1000.0 United States
100%
2 665.0 Spain
97%
4 444.0 France
95%
6 360.0 Argentina
90%
7 323.0 Brazil
89%
3 553.0 Serbia
88%
10 234.0 Australia
84%
9 255.0 Russia
84%
14 131.2 China
80%
13 155.0 Greece
78%
5 442.0 Lithuania
78%
11 184.0 Croatia
74%
12 163.0 Slovenia
70%
8 281.0 Turkey
68%
19 86.6 Mexico
61%
20 72.0 New Zealand
58%
16 106.2 Nigeria
48%
17 97.2 Puerto Rico
42%
15 115.4 Venezuela
26%
18 87.6 Dominican Republic
25%
No matching quizzes found
Score Distribution
Percent of People with Each Score
Percentile by Number Answered
Your Score History
You have not taken this quiz since the last reset